[Event "Corsica-chT"]
[Site "Ponte Leccia"]
[Date "2010.03.28"]
[Round "2"]
[White "Costa, Elodie"]
[Black "Autran, Yann"]
[Result "1/2-1/2"]
[WhiteElo "1711"]
[BlackElo "1966"]
[PlyCount "78"]
[EventDate "2010.03.28"]
[EventType "team-tourn"]
[EventRounds "9"]
[EventCountry "FRA"]
[SourceTitle "EXT 2012"]
[Source "ChessBase"]
[SourceDate "2011.11.24"]
[SourceVersion "1"]
[SourceVersionDate "2011.11.24"]
[SourceQuality "1"]

1. e4 e6 2. d4 d5 3. exd5 exd5 4. Nf3 Nf6 5. Nc3 c6 6. h3 Bf5 7. Bd3 Bxd3 8. Qxd3 Bd6 9. Bg5 0-0 10. 0-0 Nbd7 11. Rae1 Re8 12. Rxe8+ Qxe8 13. Re1 Qf8 14. Nd1 Ne4 15. a3 Re8 16. Ne3 Re6 17. Bh4 f5 18. c4 dxc4 19. Nxc4 Qf7 20. Nxd6 Rxd6 21. Ng5 Nxg5 22. Bxg5 Re6 23. Re3 Nb6 24. Rf3 Re1+ 25. Kh2 g6 26. g4 Re4 27. gxf5 gxf5 28. Bh6 Qc7+ 29. Rg3+ Kf7 30. Qb3+ Nd5 31. Kg2 Ke6 32. Rg7 Qd8 33. Qg3 Nf6 34. Bg5 Qd5 35. Kh2 Re1 36. Qg2 Qd6+ 37. Qg3 Qd5 38. Qg2 Qd6+ 39. Qg3 Qd5 1/2-1/2

[Event "Calvi Balagne op 05th"]
[Site "Calvi"]
[Date "2008.04.11"]
[Round "8"]
[White "Autran, Yann"]
[Black "Gazvoda, Franc"]
[Result "1-0"]
[WhiteElo "1969"]
[BlackElo "2070"]
[PlyCount "45"]
[EventDate "2008.04.06"]
[EventType "swiss"]
[EventRounds "9"]
[EventCountry "FRA"]
[SourceTitle "CBM 123 Extra"]
[Source "ChessBase"]
[SourceDate "2008.05.06"]
[SourceVersion "1"]
[SourceVersionDate "2008.05.06"]
[SourceQuality "1"]

1. d4 d5 2. c4 dxc4 3. e3 a6 4. Bxc4 b5 5. Bxf7+ Kxf7 6. Qf3+ Nf6 7. Qxa8 Bf5 8. Nd2 Nd5 9. Ngf3 Kg8 10. Ne5 g5 11. 0-0 Bg7 12. e4 Nb6 13. Qb7 Bxe5 14. exf5 Bf6 15. Ne4 h6 16. Nc5 Qc8 17. Qe4 Kh7 18. Ne6 Nc4 19. b3 Nd6 20. Qc2 c5 21. dxc5 Bxa1 22. f6+ Kg8 23. Qg6# 1-0

[Event "Corsica-chT"]
[Site "Porticcio"]
[Date "2007.04.01"]
[Round "3.3"]
[White "Autran, Yann"]
[Black "Geronimi, Pierre Francois"]
[Result "1/2-1/2"]
[WhiteElo "1997"]
[BlackElo "1893"]
[PlyCount "110"]
[EventDate "2007.03.07"]
[EventType "team"]
[EventRounds "9"]
[EventCountry "FRA"]
[SourceTitle "CBM 117 Extra"]
[Source "ChessBase"]
[SourceDate "2007.05.09"]
[SourceVersion "1"]
[SourceVersionDate "2007.05.09"]
[SourceQuality "1"]
[WhiteTeam "Corsica CC"]
[BlackTeam "Corsica CC Dream Team"]
[WhiteTeamCountry "FRA"]
[BlackTeamCountry "FRA"]

1. c4 e5 2. Nc3 Nf6 3. d4 exd4 4. Qxd4 Nc6 5. Qd2 Bb4 6. a3 Ne4 7. Qe3 Bxc3+ 8. bxc3 Qe7 9. g3 Nd6 10. Qxe7+ Kxe7 11. Bg2 Nxc4 12. Nh3 d6 13. Nf4 Be6 14. Rb1 Rab8 15. Nh5 Rhg8 16. Nxg7 Rxg7 17. Bxc6 Na5 18. Bg2 h5 19. h4 Nb3 20. Bf4 f6 21. Bf3 Rh7 22. 0-0 Bc4 23. Rfe1 Kd7 24. Be4 Re7 25. Bf5+ Kc6 26. Bg6 Rh8 27. Bc2 Nc5 28. Be3 Rxe3 29. fxe3 Re8 30. Kf2 Ne4+ 31. Bxe4+ Rxe4 32. Red1 Re5 33. Rd4 Be6 34. e4 Rc5 35. Rd3 f5 36. Rd4 fxe4 37. Rc1 d5 38. Ke3 Ra5 39. a4 Rc5 40. Kd2 Kd6 41. Rb4 b6 42. Rf1 Ke5 43. Rb5 e3+ 44. Kc2 Rc4 45. a5 Bd7 46. Rb4 Bf5+ 47. Kb3 Bg4 48. Re1 Rc5 49. axb6 cxb6 50. Ra4 Rc7 51. Rd4 Rf7 52. Rd3 Ke4 53. Rd4+ Ke5 54. Rd3 Ke4 55. Rd4+ Ke5 1/2-1/2

[Event "Calvi Balagne op 04th"]
[Site "Calvi"]
[Date "2007.02.28"]
[Round "4"]
[White "Autran, Yann"]
[Black "Chulivska, Vita"]
[Result "1-0"]
[WhiteElo "1997"]
[BlackElo "2208"]
[PlyCount "70"]
[EventDate "2007.02.26"]
[EventType "swiss"]
[EventRounds "7"]
[EventCountry "FRA"]
[SourceTitle "CBM 117 Extra"]
[Source "ChessBase"]
[SourceDate "2007.05.09"]
[SourceVersion "1"]
[SourceVersionDate "2007.05.09"]
[SourceQuality "1"]

1. c4 Nf6 2. Nc3 e6 3. e4 d5 4. e5 Nfd7 5. cxd5 Nxe5 6. d4 Ng6 7. dxe6 Bxe6 8. d5 Bf5 9. Bb5+ Nd7 10. Nf3 a6 11. Be2 Bc5 12. Nd4 Bxd4 13. Qxd4 Qf6 14. Qb4 0-0-0 15. Be3 Nh4 16. Rg1 Bg6 17. d6 Ne5 18. Rd1 Nf5 19. Ne4 Nxe3 20. Qc5 Rxd6 21. Nxf6 Nxd1 22. Nd5 Nc6 23. Bxd1 Re8+ 24. Ne3 Ne5 25. Qa7 Rb6 26. Ba4 Nc6 27. Bxc6 bxc6 28. b3 f5 29. Kd2 f4 30. Nc4 Rb5 31. Kc1 Rd5 32. Qxa6+ Kd7 33. Rd1 Be4 34. f3 Rxd1+ 35. Kxd1 Bd5 1-0

[Event "Calvi Balagne op 03rd"]
[Site "Calvi"]
[Date "2006.02.25"]
[Round "7"]
[White "Autran, Yann"]
[Black "Szymanski, Piotr2222"]
[Result "1-0"]
[WhiteElo "1999"]
[BlackElo "1873"]
[PlyCount "81"]
[EventDate "2006.02.19"]
[EventType "swiss"]
[EventRounds "9"]
[EventCountry "FRA"]
[SourceTitle "CBM 110 Extra"]
[Source "ChessBase"]
[SourceDate "2006.03.10"]
[SourceVersion "2"]
[SourceVersionDate "2006.03.10"]
[SourceQuality "1"]

1. e4 e5 2. Nf3 Nf6 3. Nxe5 d6 4. Nf3 Nxe4 5. d4 d5 6. Bd3 Be7 7. 0-0 0-0 8. c4 c6 9. Nc3 Nxc3 10. bxc3 c5 11. Ne5 Be6 12. cxd5 Qxd5 13. Qe2 cxd4 14. Be4 d3 15. Nxd3 Qb5 16. Rb1 Qxb1 17. Nb4 Qa1 18. Bb2 Qxf1+ 19. Kxf1 Nc6 20. Nxc6 bxc6 21. c4 Rfd8 22. Bc3 Rab8 23. f4 Bb4 24. Be5 Bd6 25. Bxd6 Rxd6 26. f5 Bxf5 27. Bxf5 Rf6 28. Qe5 Rd8 29. Ke2 Rfd6 30. Qc3 Re8+ 31. Kf3 g6 32. Bd3 Rde6 33. Qd4 R8e7 34. Qd8+ Kg7 35. Qd4+ Kg8 36. h4 Re5 37. Kf2 c5 38. Qd8+ Re8 39. Qd7 R8e7 40. Qd8+ Re8 41. Qd6 1-0

[Event "Calvi Balagne op 03rd"]
[Site "Calvi"]
[Date "2006.02.21"]
[Round "3"]
[White "Autran, Yann"]
[Black "Zgonec, Franc"]
[Result "1-0"]
[WhiteElo "1999"]
[BlackElo "1699"]
[PlyCount "27"]
[EventDate "2006.02.19"]
[EventType "swiss"]
[EventRounds "9"]
[EventCountry "FRA"]
[SourceTitle "CBM 110 Extra"]
[Source "ChessBase"]
[SourceDate "2006.03.10"]
[SourceVersion "2"]
[SourceVersionDate "2006.03.10"]
[SourceQuality "1"]

1. e4 d6 2. d4 e6 3. Nf3 Nf6 4. Nc3 Nbd7 5. e5 Nd5 6. Ne4 Be7 7. c4 N5b6 8. Be2 d5 9. cxd5 Nxd5 10. Bg5 0-0 11. 0-0 f6 12. exf6 N7xf6 13. Nc3 c6 14. Qb3 1-0

[Event "Bastiais Master 1st"]
[Site "Bastia"]
[Date "2005.05.??"]
[Round "3"]
[White "Szymanski, Piotr2222"]
[Black "Autran, Yann"]
[Result "0-1"]
[WhiteElo "1909"]
[BlackElo "2038"]
[PlyCount "76"]
[EventDate "2005.05.??"]
[EventType "tourn"]
[EventRounds "9"]
[EventCountry "FRA"]
[SourceTitle "EXT 2007"]
[Source "ChessBase"]
[SourceDate "2006.11.23"]
[SourceVersion "1"]
[SourceVersionDate "2006.11.23"]
[SourceQuality "1"]

1. d4 d5 2. c4 c6 3. Nc3 Nf6 4. Nf3 e6 5. Bg5 dxc4 6. e4 b5 7. a4 b4 8. Na2 Ba6 9. e5 h6 10. Bd2 Nd5 11. Rc1 b3 12. Nc3 Nb4 13. Be2 Nc2+ 14. Kf1 Nd7 15. Ne4 Nb6 16. a5 Na4 17. Rxc2 bxc2 18. Qxc2 Qd5 19. g4 Nxb2 20. Nc3 Qxa5 21. Qxb2 Be7 22. Kg2 0-0 23. Ra1 Qb6 24. Qc1 Bb7 25. Bxc4 c5 26. d5 exd5 27. Rb1 Qg6 28. Rxb7 Qxg4+ 29. Kf1 Qxc4+ 30. Ke1 Rfe8 31. Rd7 Qg4 32. Rxe7 Rxe7 33. Qd1 d4 34. Nb5 Rae8 35. Nd6 Rxe5+ 36. Kf1 R8e7 37. Qb3 Qh3+ 38. Kg1 Re1+ 0-1

[Event "Calvi Balagne op 02nd"]
[Site "Calvi"]
[Date "2005.02.23"]
[Round "6"]
[White "Autran, Yann"]
[Black "Zozulia, Anna"]
[Result "1/2-1/2"]
[WhiteElo "2025"]
[BlackElo "2411"]
[PlyCount "114"]
[EventDate "2005.02.20"]
[EventType "swiss"]
[EventRounds "9"]
[EventCountry "FRA"]
[SourceTitle "CBM 105 Extra"]
[Source "ChessBase"]
[SourceDate "2005.05.01"]
[SourceVersion "1"]
[SourceVersionDate "2005.05.01"]
[SourceQuality "1"]

1. e4 g6 2. d4 Bg7 3. Nf3 d6 4. h3 Nd7 5. Bc4 e6 6. c3 Ne7 7. Bg5 0-0 8. Qd2 d5 9. Bd3 dxe4 10. Bxe4 Nf6 11. Bd3 b6 12. 0-0 Bb7 13. Qe2 h6 14. Bxf6 Bxf6 15. Ba6 Bd5 16. Bc4 a5 17. Bxd5 Nxd5 18. Ne5 Bg7 19. Na3 c5 20. dxc5 Nf4 21. Qe4 Qg5 22. Nd3 Nxd3 23. Qxd3 Qxc5 24. Rad1 a4 25. Rfe1 Rfc8 26. Qf3 Ra7 27. Re3 Qg5 28. Qe2 Raa8 29. Nb5 Rd8 30. Red3 Rxd3 31. Qxd3 Ra5 32. Qd8+ Qxd8 33. Rxd8+ Kh7 34. Na3 Rc5 35. Rb8 Rc6 36. Ra8 Rd6 37. Rxa4 Rd1+ 38. Kh2 Rd2 39. Nc4 Rxf2 40. Rb4 f5 41. Rxb6 e5 42. a4 f4 43. Re6 Rf1 44. a5 Ra1 45. a6 Bf8 46. Nxe5 Bc5 47. g4 Re1 48. a7 Bxa7 49. Re7+ Kg8 50. Nxg6 Be3 51. Kg2 Rg1+ 52. Kf3 Bc1 53. Rb7 Re1 54. Re7 Be3 55. Rb7 Bc1 56. Re7 Be3 57. Rb7 Bc1 1/2-1/2

[Event "Calvi Balagne op 02nd"]
[Site "Calvi"]
[Date "2005.02.21"]
[Round "3"]
[White "Kirszenberg, Marc"]
[Black "Autran, Yann"]
[Result "0-1"]
[WhiteElo "2233"]
[BlackElo "2025"]
[PlyCount "68"]
[EventDate "2005.02.20"]
[EventType "swiss"]
[EventRounds "9"]
[EventCountry "FRA"]
[SourceTitle "CBM 105 Extra"]
[Source "ChessBase"]
[SourceDate "2005.05.01"]
[SourceVersion "1"]
[SourceVersionDate "2005.05.01"]
[SourceQuality "1"]

1. d4 d5 2. Nf3 Nf6 3. c4 c6 4. cxd5 cxd5 5. Nc3 Nc6 6. Bf4 e6 7. e3 Bd6 8. Bg3 0-0 9. Bd3 h6 10. Rc1 Qe7 11. Bxd6 Qxd6 12. 0-0 Bd7 13. a3 Rac8 14. b4 e5 15. Nb5 Qb8 16. Be2 e4 17. Nd2 Ne7 18. Nb3 Ng4 19. Bxg4 Rxc1 20. Qxc1 Bxb5 21. Re1 b6 22. Qb2 f5 23. Bh3 f4 24. Nd2 Qd6 25. Qb3 Qg6 26. a4 fxe3 27. Qxe3 Bxa4 28. f3 Bc2 29. fxe4 dxe4 30. Qc3 Bd3 31. Qb3+ Kh8 32. Qe6 Qg5 33. Nxe4 Qe3+ 34. Nf2 Qxf2+ 0-1

[Event "Calvi Balagne op 01st"]
[Site "Calvi"]
[Date "2004.??.??"]
[Round "9"]
[White "Autran, Yann"]
[Black "Cornette, Matthieu"]
[Result "1/2-1/2"]
[WhiteElo "1994"]
[BlackElo "2392"]
[PlyCount "123"]
[EventDate "2004.02.21"]
[EventType "swiss"]
[EventRounds "9"]
[EventCountry "FRA"]
[SourceTitle "CBM 098 Extra"]
[Source "ChessBase"]
[SourceDate "2004.03.10"]
[SourceVersion "2"]
[SourceVersionDate "2004.03.10"]
[SourceQuality "1"]

1. e4 Nf6 2. e5 Nd5 3. d4 d6 4. c4 Nb6 5. f4 g6 6. Nc3 dxe5 7. fxe5 c5 8. d5 Bg7 9. Bf4 0-0 10. Qd2 e6 11. 0-0-0 exd5 12. cxd5 Bg4 13. Re1 c4 14. h3 Bf5 15. Nf3 Na6 16. g4 Bd3 17. d6 Rc8 18. Bg2 Nc5 19. Nd4 Qd7 20. Bh6 Nca4 21. Bxg7 Kxg7 22. e6 fxe6 23. Nxe6+ Kh8 24. Nxf8 Rxf8 25. Re7 Qxd6 26. Rhe1 Nc5 27. Qh6 Qf4+ 28. Qxf4 Rxf4 29. Nd1 g5 30. R7e5 Nbd7 31. Rxg5 Bg6 32. Kd2 Rd4+ 33. Kc3 Rd3+ 34. Kb4 b6 35. Bd5 Rd4 36. Kb5 Nf6 37. Bc6 c3 38. bxc3 Bd3+ 39. c4 Rxc4 40. Nb2 Rxg4+ 41. Nxd3 Rxg5 42. Re5 a6+ 43. Kc4 Rxe5 44. Nxe5 Kg7 45. a4 Ne6 46. a5 bxa5 47. Bb7 Ne8 48. Kd5 N8c7+ 49. Kc4 Kf6 50. Nd3 Kg5 51. Kb3 Kh4 52. Bc8 Kg3 53. Ka4 h5 54. Kxa5 Nf4 55. Nxf4 Kxf4 56. Kb6 Nd5+ 57. Kxa6 Kg3 58. Kb5 h4 59. Kc5 Nf4 60. Kd4 Nxh3 61. Ke3 Nf4 62. Bf5 1/2-1/2

[Event "Porticcio op 4th"]
[Site "Porticcio"]
[Date "2003.06.??"]
[Round "3"]
[White "Autran, Yann"]
[Black "Szymanski, Piotr2222"]
[Result "1-0"]
[WhiteElo "2100"]
[BlackElo "1970"]
[PlyCount "42"]
[EventDate "2003.06.??"]
[EventType "swiss"]
[EventRounds "9"]
[EventCountry "FRA"]
[SourceTitle "EXT 2007"]
[Source "ChessBase"]
[SourceDate "2006.11.23"]
[SourceVersion "1"]
[SourceVersionDate "2006.11.23"]
[SourceQuality "1"]

1. e4 c5 2. c3 d5 3. exd5 Qxd5 4. d4 cxd4 5. cxd4 e6 6. Nc3 Qd8 7. Nf3 Nf6 8. Be2 Be7 9. Ne5 0-0 10. 0-0 Nbd7 11. Bf3 Nb6 12. Re1 Nbd5 13. Bg5 Re8 14. Bh5 Nxh5 15. Bxe7 Qxe7 16. Qxh5 Nf6 17. Qf3 a5 18. b3 Ra6 19. Rac1 Rb6 20. Ne4 Nd5 21. Rc5 f6 1-0

[Event "Corsica CC op"]
[Site "Bastia"]
[Date "2002.02.13"]
[Round "5"]
[White "Battesti, Saveriu"]
[Black "Autran, Yann"]
[Result "0-1"]
[WhiteElo "1900"]
[BlackElo "2060"]
[PlyCount "60"]
[EventDate "2002.??.??"]
[EventType "swiss"]
[EventRounds "5"]
[EventCountry "FRA"]
[SourceTitle "EXT 2006"]
[Source "ChessBase"]
[SourceDate "2005.11.24"]
[SourceVersion "1"]
[SourceVersionDate "2005.11.24"]
[SourceQuality "1"]

1. e4 e6 2. d4 d5 3. exd5 exd5 4. Bd3 Nc6 5. c3 Bd6 6. Nf3 Bg4 7. 0-0 Nge7 8. Nbd2 Qd7 9. Qc2 0-0-0 10. c4 Nb4 11. Qb3 Nxd3 12. Qxd3 dxc4 13. Nxc4 f6 14. a3 g5 15. b4 Nd5 16. Qe4 Bf4 17. a4 Rhe8 18. Qd3 Qf7 19. h3 Be6 20. Na5 Bd6 21. Bd2 g4 22. hxg4 Bxg4 23. Rad1 Qh5 24. Qb5 Bxf3 25. Qxb7+ Kd7 26. Qb5+ Ke7 27. Nc6+ Kf8 28. Ne5 Bxe5 29. dxe5 Qg4 30. g3 Qh3 0-1